| 000 | 00671nam a2200193Ia 4500 | ||
|---|---|---|---|
| 003 | LDD | ||
| 008 | 190117s9999 xx 000 0 und d | ||
| 020 |
_a9789381610329 _c₹250 |
||
| 040 | _cLDD | ||
| 041 | _ahi | ||
| 082 | _a8H1.71 मौ632जै | ||
| 100 | _aमौर्य, शिरीष कुमार | ||
| 245 | 0 |
_aजैसे कोइ सुनता हो मुझे _cशिरीष कुमार मौर्य |
|
| 260 |
_aदिल्ली _bशिल्पायन _c2014 |
||
| 300 | _a159p. | ||
| 901 | _aVANI | ||
| 904 | _aReqst by : Jitendra Kumar Srivasta | ||
| 942 |
_2ddc _cH |
||
| 999 |
_c167544 _d167544 |
||